Nyitás előtt Megérkeztek a turkui kiállítók
Elmentve itt :
| Dokumentumtípus: | Cikk |
|---|---|
| Megjelent: |
1980-07-17
|
| Sorozat: | Délmagyarország
70 No. 166 |
| Kulcsszavak: | Szegedi Ipari Vásár és Kiállítás |
| Online Access: | http://dmarchiv.bibl.u-szeged.hu/107723 |
| LEADER | 00448nab a2200145 i 4500 | ||
|---|---|---|---|
| 001 | delm107723 | ||
| 005 | 20190531114015.0 | ||
| 008 | 190531s1980 hu o 0|| hun d | ||
| 040 | |a SZTE Délmagyarország Archívum |b hun | ||
| 041 | |a hun | ||
| 245 | 0 | 0 | |a Nyitás előtt |h [elektronikus dokumentum] : |b Megérkeztek a turkui kiállítók |
| 260 | |c 1980-07-17 | ||
| 300 | |a 1 | ||
| 490 | 0 | |a Délmagyarország |v 70 No. 166 | |
| 695 | |a Szegedi Ipari Vásár és Kiállítás | ||